000 01894nam a22002417a 4500
999 _c60235
_d60235
003 Ge_BSU
005 20230621104118.0
008 230621s1996 ge ||||| |||| 00| 0 geo d
020 _a5511007080
041 _ageo
080 _a821.14'01-21 ე-35
100 _aევრიპიდე
_915553
245 _aმედეა :
_b[პიესა] /
_cევრიპიდე ; ძველი ბერძნულიდან თარგმნა ბაჩანა ბრეგვაძემ ; წინასიტყვაობა და კომენტარები რისმაგ გორდეზიანისა ; ივანე ჯავახიშვილის სახელობის თბილისის სახელმწიფო უნივერსიტეტი.
264 _aთბილისი :
_bთბილ. უნ-ტის გამ-ბა,
_c1996.
300 _a64 გვ. :
_bპორტრ. ;
_c20 სმ.
490 _aპროგრამა "ლოგოსი" : პუბლიკაციები და ღონისძიებები კლასიკური ფილოლოგიის, ბიზანტინისტიკისა და ნეოგრეცისტიკის სფეროში
500 _a კომენტარები: გვ. 60-63.
653 _a მედეა
700 _aბრეგვაძე, ბაჩანა
_e მთარგმნელი
_93536
700 _aგორდეზიანი რისმაგ
_eწინასიტყვაობის და კომენტარების ავტორი
_918848
710 _aივანე ჯავახიშვილის სახელობის თბილისის სახელმწიფო უნივერსიტეტი.
_918849
942 _2udc
_cBK